000 01245nam a22003137a 4500
001 9461
003 FISKH
005 20260113123241.0
008 260113b cb ||||| |||| 00| 0 eng d
020 _a9780140568165
040 _aFISKH
_beng
_cFISKH
_dFISKH
050 _aPZ7.W4481843 Y
082 _a813.0872
100 _aWeitzman , Jacqueline Preiss
245 _aYou can't take a balloon into the metropolitan museum /
_cstory by Jacqueline Preiss Weitzman ; pictures by Robin Preiss Glasser
260 _aNew York :
_bPuffin Books ,
_c1998 .
300 _a37 pages :
_bcolor illustrations ;
_c28 cm .
490 _aYou Can't Take a Balloon into...
505 _aK
520 _aIn this wordless story, a young girl and her grandmother view works inside the Metropolitan Museum of Art, while the balloon she has been forced to leave outside floats around New York City causing a series of mishaps that mirror scenes in the museum's artworks.
521 8 _a510
_bLexile estimate
521 8 _aK
_bRaz-Plus
650 _aMuseums
_vFiction
650 _aMetropolitan of Art
_vFiction
650 _aBalloons
_vFiction
700 _aGlasser , Robin Preiss
_eIllustrator
942 _2ddc
_cBK
_n0
999 _c9461
_d9461